[Event "XIV Torneo Leonardo di Bona Magistrale"]
[Site "Cutro ITA"]
[Date "2008.04.29"]
[Round "7"]
[White "Cordi', Domenico"]
[Black "Blasco, Domenico"]
[Result "1/2-1/2"]
[WhiteElo "2047"]
[BlackElo "2025"]
[PlyCount "90"]
[EventDate "2008.04.23"]

1. d4 Nf6 2. c4 c5 3. d5 b5 4. cxb5 a6 5. e3 g6 6. Nc3 Bg7 7. e4 d6 8. h3 O-O
9. Nf3 axb5 10. Bxb5 Nxe4 11. Nxe4 Qa5+ 12. Nc3 Bxc3+ 13. bxc3 Qxb5 14. Qe2
Qxe2+ 15. Kxe2 Ba6+ 16. Ke3 Bc4 17. Rd1 Nd7 18. a4 Nb6 19. Nd2 Nxd5+ 20. Kf3
Ba6 21. Re1 Ra7 22. Ra3 f5 23. a5 e5 24. Kg3 Rfa8 25. c4 Nb4 26. Rd1 Nc2 27.
Rb3 Nd4 28. Rb6 Rd7 29. Bb2 f4+ 30. Kh2 Nf5 31. Bc3 Kf7 32. Rdb1 Ke7 33. R1b2
Raa7 34. Rb8 Nd4 35. Rh8 Ke6 36. Rb6 Ne2 37. Ba1 Bb7 38. Re8+ Kf7 39. Rh8 Kg7
40. Rb8 Kf7 41. Rh8 Ke6 42. Re8+ Kf7 43. Rh8 Kf6 44. Rf8+ Ke7 45. Rh8 Ke6
1/2-1/2

[Event "XIV Torneo Leonardo di Bona Magistrale"]
[Site "Cutro ITA"]
[Date "2008.04.29"]
[Round "7"]
[White "Kasparov, Sergey"]
[Black "Mrdja, Milan"]
[Result "1/2-1/2"]
[WhiteElo "2480"]
[BlackElo "2360"]
[PlyCount "46"]
[EventDate "2008.04.23"]

1. e4 c5 2. Nf3 e6 3. d4 cxd4 4. Nxd4 a6 5. Bd3 Bc5 6. Nb3 Ba7 7. O-O Nc6 8.
Qe2 d6 9. Be3 Nf6 10. Bxa7 Rxa7 11. N1d2 O-O 12. f4 e5 13. f5 b6 14. c3 a5 15.
Rad1 a4 16. Na1 a3 17. b3 d5 18. Nc2 d4 19. c4 Qd6 20. Nf3 Re8 21. Nfe1 g6 22.
g4 gxf5 23. gxf5 Kh8 1/2-1/2

[Event "XIV Torneo Leonardo di Bona Magistrale"]
[Site "Cutro ITA"]
[Date "2008.04.29"]
[Round "7"]
[White "Kasparova, Tatiana"]
[Black "Kragelj, Igor"]
[Result "1/2-1/2"]
[WhiteElo "2147"]
[BlackElo "2207"]
[PlyCount "26"]
[EventDate "2008.04.23"]

1. e4 c5 2. Nf3 e6 3. d4 cxd4 4. Nxd4 Nc6 5. Nxc6 bxc6 6. Bd3 Nf6 7. O-O d5 8.
Nd2 Be7 9. c4 O-O 10. Qc2 h6 11. b3 a5 12. Rb1 Ba6 13. Bb2 Rb8 1/2-1/2

[Event "XIV Torneo Leonardo di Bona Magistrale"]
[Site "Cutro ITA"]
[Date "2008.04.29"]
[Round "7"]
[White "Meijers, Viesturs"]
[Black "Dobrev, Nanko"]
[Result "1-0"]
[WhiteElo "2510"]
[BlackElo "2402"]
[PlyCount "55"]
[EventDate "2008.04.23"]

1. e4 e5 2. Nf3 Nc6 3. Bb5 a6 4. Bxc6 dxc6 5. O-O Be6 6. d4 Bc4 7. Re1 exd4 8.
Nxd4 c5 9. Nb3 Qxd1 10. Rxd1 Bxb3 11. axb3 Bd6 12. Nc3 O-O-O 13. f4 c4 14. bxc4
Bc5+ 15. Kf1 Nf6 16. e5 Ng4 17. h3 Nf2 18. Rxd8+ Rxd8 19. Ke2 Bd4 20. Nd5 c6
21. Ne7+ Kc7 22. Nf5 Ne4 23. Kf3 Nc5 24. Nxg7 f6 25. c3 Bg1 26. b4 Rd3+ 27. Ke2
Rd7 28. Ne8+ 1-0

[Event "XIV Torneo Leonardo di Bona Magistrale"]
[Site "Cutro ITA"]
[Date "2008.04.29"]
[Round "7"]
[White "Salvador, Roland"]
[Black "Andonov, Bogomil"]
[Result "1-0"]
[WhiteElo "2450"]
[BlackElo "2334"]
[PlyCount "62"]
[EventDate "2008.04.23"]

1. d4 Nf6 2. Nf3 d6 3. Nc3 Bg4 4. e4 e6 5. h3 Bh5 6. Qe2 c6 7. g4 Bg6 8. g5
Nfd7 9. Nh4 e5 10. d5 Be7 11. Rg1 Nb6 12. f4 exf4 13. Bxf4 cxd5 14. exd5 O-O
15. O-O-O N8d7 16. Nxg6 fxg6 17. Qe4 Nc5 18. Qd4 a6 19. Be2 Rc8 20. h4 Ncd7 21.
Kb1 Rxc3 22. bxc3 Nc5 23. Bc1 Nba4 24. Rdf1 Re8 25. h5 Qa5 26. Rf3 gxh5 27. Re3
g6 28. Bc4 Nd7 29. Rge1 Qd8 30. Bb3 Nac5 31. Bb2 Ne5 1-0

[Event "XIV Torneo Leonardo di Bona Magistrale"]
[Site "Cutro ITA"]
[Date "2008.04.30"]
[Round "8"]
[White "Blasco, Domenico"]
[Black "Codenotti, Marco"]
[Result "0-1"]
[WhiteElo "2025"]
[BlackElo "2063"]
[PlyCount "56"]
[EventDate "2008.04.23"]

1. d4 Nf6 2. Nf3 g6 3. Nbd2 d5 4. e3 c5 5. Be2 Bg7 6. O-O O-O 7. c3 Nc6 8. a3
Bf5 9. b4 c4 10. Re1 e5 11. b5 exd4 12. Nxd4 Nxd4 13. cxd4 Qa5 14. a4 a6 15. e4
Nxe4 16. Nxe4 Bxe4 17. Ba3 Rfc8 18. bxa6 Rxa6 19. Bc5 Rxc5 20. dxc5 Bxa1 21.
Qxa1 Qxc5 22. Bf3 Re6 23. Bd1 c3 24. Bb3 Rb6 25. Qa2 c2 26. Rc1 Qc3 27. Bxd5
Rb1 28. Bxf7+ Kg7 0-1

[Event "XIV Torneo Leonardo di Bona Magistrale"]
[Site "Cutro ITA"]
[Date "2008.04.30"]
[Round "8"]
[White "Dobrev, Nanko"]
[Black "Solodovnichenko, Yuri"]
[Result "0-1"]
[WhiteElo "2402"]
[BlackElo "2537"]
[PlyCount "54"]
[EventDate "2008.04.23"]

1. d4 Nf6 2. Nf3 c5 3. d5 b5 4. Bg5 Ne4 5. Bf4 Bb7 6. Qd3 Qa5+ 7. Nbd2 f5 8. c3
e6 9. Nxe4 fxe4 10. Qxe4 Bxd5 11. Qc2 Be7 12. e3 b4 13. Bd3 bxc3 14. O-O cxb2
15. Rab1 Bf6 16. Bxh7 Nc6 17. Qg6+ Kd8 18. e4 Bxa2 19. e5 Bxb1 20. Rxb1 Be7 21.
h4 Qa2 22. h5 Kc7 23. g3 Rab8 24. Nd2 c4 25. Qxg7 c3 26. Nf1 Rxh7 27. Qxh7 Qxb1
0-1

[Event "XIV Torneo Leonardo di Bona Magistrale"]
[Site "Cutro ITA"]
[Date "2008.04.30"]
[Round "8"]
[White "Gladyszev, Oleg"]
[Black "Brancaleoni, Maurizio"]
[Result "1/2-1/2"]
[WhiteElo "2497"]
[BlackElo "2207"]
[PlyCount "49"]
[EventDate "2008.04.23"]

1. d4 d6 2. Nf3 Nf6 3. c4 g6 4. Nc3 Bg7 5. e4 O-O 6. Be2 e5 7. O-O Na6 8. Be3
Qe7 9. dxe5 dxe5 10. Nd5 Qd8 11. Qc2 Ng4 12. Bg5 f6 13. Bd2 c6 14. Ne3 Nxe3 15.
Bxe3 c5 16. a3 Qe7 17. b4 b6 18. Qb3 Nc7 19. a4 Ne6 20. a5 Bb7 21. Nd2 f5 22.
axb6 axb6 23. bxc5 bxc5 24. Rxa8 Bxa8 25. f3 1/2-1/2

[Event "XIV Torneo Leonardo di Bona Magistrale"]
[Site "Cutro ITA"]
[Date "2008.04.30"]
[Round "8"]
[White "Kragelj, Igor"]
[Black "Kasparov, Sergey"]
[Result "1/2-1/2"]
[WhiteElo "2207"]
[BlackElo "2480"]
[PlyCount "114"]
[EventDate "2008.04.23"]

1. d4 Nf6 2. c4 c5 3. d5 b5 4. cxb5 a6 5. bxa6 g6 6. Nc3 Bxa6 7. g3 d6 8. Bg2
Bg7 9. Nf3 O-O 10. O-O Nbd7 11. Rb1 Ng4 12. Bd2 Qc7 13. h3 Nge5 14. Nxe5 Nxe5
15. b3 Rfb8 16. Qc2 Ra7 17. Rfc1 Rab7 18. a4 Qd8 19. Bf1 c4 20. Nb5 Bxb5 21.
axb5 Rxb5 22. bxc4 Rxb1 23. Rxb1 Rxb1 24. Qxb1 Nxc4 25. Bg5 Ne5 26. Bg2 h6 27.
Bf4 Nd7 28. Be3 h5 29. Qb5 Bf6 30. Be4 Nf8 31. Kg2 Bg7 32. Bd3 Nd7 33. Bc4 Ne5
34. Bb3 Nd7 35. Ba4 Nf6 36. Qc4 Qa5 37. Bc6 Kh7 38. Bg5 Qa7 39. Bxf6 Bxf6 40.
h4 Kg7 41. Bb5 Qa1 42. Qb3 Bd4 43. e3 Bc5 44. Be2 Qc1 45. Qd1 Qb2 46. Qd3 Qe5
47. Bf3 f5 48. Qc4 Qb2 49. Qe2 Qf6 50. Qc4 Qe5 51. Qd3 Qb2 52. Qe2 Qc3 53. Qa2
Ba3 54. Qe2 Qf6 55. Qd3 Bb2 56. Qe2 Be5 57. Qd1 Bc3 1/2-1/2

[Event "XIV Torneo Leonardo di Bona Magistrale"]
[Site "Cutro ITA"]
[Date "2008.04.30"]
[Round "8"]
[White "Naumkin, Igor"]
[Black "Mrdja, Milan"]
[Result "1/2-1/2"]
[WhiteElo "2494"]
[BlackElo "2360"]
[PlyCount "47"]
[EventDate "2008.04.23"]

1. d4 d5 2. c4 e6 3. Nf3 Nf6 4. Nc3 Bb4 5. cxd5 exd5 6. Bg5 Nbd7 7. e3 c5 8.
Bb5 Qa5 9. Bxf6 Qxb5 10. Bxg7 Rg8 11. Be5 Nxe5 12. Nxe5 Rxg2 13. Qf3 Rg7 14.
Qf6 Kf8 15. Qd6+ Ke8 16. Qf6 Kf8 17. Qd6+ Ke8 18. Qh6 Bg4 19. Nxg4 Rxg4 20. Qh5
cxd4 21. Qe5+ Kf8 22. Qh8+ Ke7 23. Qe5+ Kf8 24. Qh8+ 1/2-1/2

[Event "XIV Torneo Leonardo di Bona Magistrale"]
[Site "Cutro ITA"]
[Date "2008.04.30"]
[Round "8"]
[White "Salvador, Roland"]
[Black "Maiorov, Nikita"]
[Result "1-0"]
[WhiteElo "2450"]
[BlackElo "2524"]
[PlyCount "67"]
[EventDate "2008.04.23"]

1. d4 Nf6 2. Nf3 e6 3. c4 b6 4. g3 Ba6 5. Qc2 Bb4+ 6. Bd2 Bxd2+ 7. Nbxd2 O-O 8.
Bg2 Bb7 9. e4 d5 10. cxd5 exd5 11. e5 Nfd7 12. Nh4 Nc6 13. Qc3 Ne7 14. f4 c5
15. O-O cxd4 16. Qxd4 Nc5 17. b4 Nc6 18. Qc3 Na4 19. Qf3 b5 20. Nb3 Qb6+ 21.
Kh1 Rad8 22. a3 Bc8 23. Rae1 Rfe8 24. Qh5 Nc3 25. Nc5 a5 26. e6 fxe6 27. f5
axb4 28. f6 gxf6 29. Rxf6 Re7 30. Nf5 Qxc5 31. Nh6+ Kg7 32. Qg5+ Kh8 33. Nf7+
Rxf7 34. Rxf7 1-0

[Event "XIV Torneo Leonardo di Bona Magistrale"]
[Site "Cutro ITA"]
[Date "2008.04.30"]
[Round "8"]
[White "Stromboli, Carlo"]
[Black "Kasparova, Tatiana"]
[Result "0-1"]
[WhiteElo "2266"]
[BlackElo "2147"]
[PlyCount "108"]
[EventDate "2008.04.23"]

1. e4 c6 2. d4 d5 3. Nc3 dxe4 4. Nxe4 Bf5 5. Ng3 Bg6 6. h4 h6 7. Bd3 Bxd3 8.
Qxd3 e6 9. N1e2 Nf6 10. Ne4 Nbd7 11. Rh3 Nxe4 12. Qxe4 Nf6 13. Qf3 Qd5 14. c3
Be7 15. Qxd5 exd5 16. f3 Kd7 17. Nf4 Bd6 18. Nd3 Rac8 19. Bf4 Bxf4 20. Nxf4 Ke7
21. Nd3 Nd7 22. Kd2 g6 23. Re1+ Kd6 24. Re2 Rcg8 25. g4 h5 26. g5 Rc8 27. Rh1
Rc7 28. Rhe1 Rhc8 29. Nf4 Nf8 30. Nd3 Nd7 31. f4 Rg8 32. f5 gxf5 33. Nf4 Nf8
34. Nxh5 Rh8 35. Nf4 Rxh4 36. g6 Rg4 37. Nh5 Rxg6 38. Nf4 Rh6 39. Nd3 Nh7 40.
Nc5 Ng5 41. Kc2 Ne4 42. Nd3 f6 43. Rg2 Rch7 44. Reg1 Rh2 45. Nf4 Rxg2+ 46. Rxg2
Ng5 47. Nd3 b6 48. Kc1 Rh4 49. Rf2 Ne4 50. Rf3 Rg4 51. Kc2 Rg2+ 52. Kc1 Rg3 53.
Ne1 Rxf3 54. Nxf3 Ng5 0-1

[Event "XIV Torneo Leonardo di Bona Magistrale"]
[Site "Cutro ITA"]
[Date "2008.04.30"]
[Round "8"]
[White "Stromboli, Ettore"]
[Black "Damia, Angelo"]
[Result "1/2-1/2"]
[WhiteElo "2329"]
[BlackElo "2302"]
[PlyCount "38"]
[EventDate "2008.04.23"]

1. e4 c6 2. d4 d5 3. Nd2 dxe4 4. Nxe4 Nf6 5. Nxf6+ exf6 6. Nf3 Bd6 7. Be2 O-O
8. O-O Bg4 9. h3 Bh5 10. Re1 Qc7 11. a4 Nd7 12. a5 Rfe8 13. Be3 f5 14. d5 cxd5
15. Qxd5 Nf6 16. Qxf5 Bg6 17. Qb5 a6 18. Qb6 Qxb6 19. Bxb6 Bxc2 1/2-1/2

[Event "XIV Torneo Leonardo di Bona Magistrale"]
[Site "Cutro ITA"]
[Date "2008.05.01"]
[Round "9"]
[White "Andonov, Bogomil"]
[Black "Kragelj, Igor"]
[Result "1/2-1/2"]
[WhiteElo "2334"]
[BlackElo "2207"]
[PlyCount "125"]
[EventDate "2008.04.23"]

1. c4 c5 2. Nf3 Nf6 3. Nc3 Nc6 4. d4 cxd4 5. Nxd4 e6 6. a3 Be7 7. e4 O-O 8. Be2
d5 9. cxd5 exd5 10. exd5 Nxd5 11. Nxc6 bxc6 12. Bd2 Bf6 13. Na4 Rb8 14. Rc1
Bxb2 15. Nxb2 Rxb2 16. Rxc6 Bf5 17. Bc1 Qa5+ 18. Bd2 Qd8 19. Rc5 Qd6 20. Bb4
Qe6 21. O-O Nxb4 22. Bc4 Qg6 23. axb4 Rxb4 24. Ba2 Bh3 25. Qf3 Bxg2 26. Bxf7+
Qxf7 27. Qxf7+ Rxf7 28. Kxg2 Rg4+ 29. Kh3 Rgf4 30. Kg2 h6 31. Ra5 R4f5 32. Ra2
a5 33. Rb1 Rg5+ 34. Kf1 Rh5 35. Kg2 Rg5+ 36. Kf1 Rff5 37. Rb8+ Rf8 38. Rb7 Rf7
39. Rb8+ Rf8 40. Rb7 Rh5 41. Kg2 Rf4 42. h3 Rg5+ 43. Kf1 Rf3 44. h4 Rh5 45. Ra7
Rf4 46. R2xa5 Rxa5 47. Rxa5 Rxh4 48. Kg2 Re4 49. Ra6 Kf7 50. Kg3 Re6 51. Ra7+
Kf6 52. f4 g6 53. Kg4 h5+ 54. Kf3 Rb6 55. Ra5 Rb3+ 56. Kg2 h4 57. Rg5 h3+ 58.
Kh2 Rf3 59. Ra5 Rxf4 60. Kxh3 Rf5 61. Ra3 Kg5 62. Kg3 Kh5 63. Rb3 1/2-1/2

[Event "XIV Torneo Leonardo di Bona Magistrale"]
[Site "Cutro ITA"]
[Date "2008.05.01"]
[Round "9"]
[White "Cordi', Domenico"]
[Black "Stromboli, Carlo"]
[Result "0-1"]
[WhiteElo "2047"]
[BlackElo "2266"]
[PlyCount "152"]
[EventDate "2008.04.23"]

1. d4 Nf6 2. c4 g6 3. Nc3 d5 4. Nf3 Bg7 5. Bf4 c6 6. e3 O-O 7. Bd3 Be6 8. c5
Bg4 9. Qb3 Qc8 10. Nd2 Nfd7 11. Bxb8 Rxb8 12. h3 Be6 13. Qc2 Nf6 14. f4 Qc7 15.
Nf3 b6 16. b4 bxc5 17. bxc5 Qa5 18. O-O Nd7 19. Rac1 Rb7 20. Ng5 Rfb8 21. Rf2
Nf8 22. Rcf1 h6 23. Nxe6 Nxe6 24. Nd1 f5 25. Kh1 Nf8 26. g4 e6 27. Rg2 Qd8 28.
Qf2 Rf7 29. gxf5 exf5 30. Rfg1 Kh7 31. Kh2 Rbb7 32. Qc2 Qf6 33. Rg3 Rb4 34.
R1g2 Qe6 35. h4 h5 36. Kh3 Bh6 37. Rg1 Rg7 38. Qd2 Rbb7 39. Qc2 Rbf7 40. Qa4
Qf6 41. R1g2 Ne6 42. Rf3 Rg8 43. Rb2 Bf8 44. Qc2 Bg7 45. Rb4 Bf8 46. Qf2 Be7
47. Qg3 Bd8 48. Rb3 Qe7 49. Rf2 Bc7 50. Rb7 Ra8 51. Ba6 Rg7 52. Qf3 Nd8 53. Rb3
Nf7 54. Bb7 Rd8 55. Bxc6 Qe6 56. Bb5 Nh6 57. Bd3 Re8 58. Rb7 Ng4 59. Rfb2 Qf6
60. Rxa7 Bd8 61. Rxg7+ Kxg7 62. Rb7+ Kh8 63. Qg3 Qc6 64. Rb4 Ba5 65. Rb3 Qa4
66. Bb1 Qc4 67. Qg2 Be1 68. Bd3 Qa4 69. Bb5 Qa5 70. Bxe8 Qd8 71. Qf3 Qxh4+ 72.
Kg2 Qh2+ 73. Kf1 Qd2 74. Qxd5 Qxd1 75. Rb8 Bg3+ 76. Kg2 Qe2+ 0-1

[Event "XIV Torneo Leonardo di Bona Magistrale"]
[Site "Cutro ITA"]
[Date "2008.05.01"]
[Round "9"]
[White "Maiorov, Nikita"]
[Black "Naumkin, Igor"]
[Result "1-0"]
[WhiteElo "2524"]
[BlackElo "2494"]
[PlyCount "77"]
[EventDate "2008.04.23"]

1. d4 Nf6 2. c4 e6 3. Nc3 Bb4 4. Qc2 O-O 5. a3 Bxc3+ 6. Qxc3 b6 7. Bg5 Bb7 8.
f3 h6 9. Bh4 d5 10. e3 Nbd7 11. cxd5 Nxd5 12. Bxd8 Nxc3 13. Bh4 Nd5 14. Bf2 c5
15. e4 Ne7 16. Ne2 f5 17. exf5 Nxf5 18. dxc5 Nxc5 19. Nc3 Rfd8 20. Rd1 Rac8 21.
Bc4 Rxd1+ 22. Kxd1 Kf7 23. Re1 Rd8+ 24. Kc2 Bd5 25. Nxd5 exd5 26. Ba2 Kf6 27.
Kd2 Rd7 28. Rc1 Ne6 29. a4 g5 30. b4 h5 31. a5 bxa5 32. bxa5 Ne7 33. Bb1 Nf4
34. g3 Ne6 35. Bd3 d4 36. a6 Nf5 37. Rc8 h4 38. Rb8 Nc5 39. Rf8+ 1-0

[Event "XIV Torneo Leonardo di Bona Magistrale"]
[Site "Cutro ITA"]
[Date "2008.05.01"]
[Round "9"]
[White "Mrdja, Milan"]
[Black "Dobrev, Nanko"]
[Result "0-1"]
[WhiteElo "2360"]
[BlackElo "2402"]
[PlyCount "142"]
[EventDate "2008.04.23"]

1. e4 Nf6 2. e5 Nd5 3. d4 d6 4. Nf3 dxe5 5. Nxe5 c6 6. Qf3 Be6 7. c3 Nd7 8. Nd3
g6 9. Nd2 Bg7 10. h4 h5 11. Qd1 Bf5 12. Be2 e5 13. Nxe5 Nxe5 14. dxe5 Bxe5 15.
Nf3 Bf6 16. Nd4 Bd7 17. g3 c5 18. Nc2 Be6 19. O-O O-O 20. Bf3 Qd7 21. Ne3 Rad8
22. Nxd5 Bxd5 23. Bxd5 Qxd5 24. Qxd5 Rxd5 25. Be3 Rfd8 26. c4 Rd3 27. Bxc5 b6
28. Ba3 Bd4 29. Kg2 Rd2 30. Rab1 Re8 31. Rbd1 Ree2 32. Rxd2 Rxd2 33. Kf3 Bxb2
34. Bxb2 Rxb2 35. Rc1 Rxa2 36. c5 bxc5 37. Rxc5 Ra6 38. Rc7 Rf6+ 39. Ke3 a5 40.
Ra7 Rf5 41. f3 Kg7 42. Ra6 Rb5 43. Kf2 Rb2+ 44. Ke3 Rb3+ 45. Kf2 Ra3 46. Ke2
Ra1 47. Ke3 a4 48. Ke4 a3 49. Ke5 f6+ 50. Kf4 a2 51. Ra7+ Kf8 52. Ra8+ Ke7 53.
Ra7+ Kd6 54. Ra6+ Kc5 55. Ra8 Kc4 56. Rc8+ Kd3 57. Rd8+ Ke2 58. Ra8 Kf2 59. Ra3
Kg2 60. g4 Kh3 61. gxh5 gxh5 62. Kf5 Kxh4 63. f4 Rf1 64. Rxa2 Kg3 65. Kxf6 Kg4
66. Rg2+ Kxf4 67. Rg5 Ke4+ 68. Kg6 h4 69. Ra5 h3 70. Ra2 Kf4 71. Kh5 Kg3 0-1

[Event "XIV Torneo Leonardo di Bona Magistrale"]
[Site "Cutro ITA"]
[Date "2008.05.01"]
[Round "9"]
[White "Solodovnichenko, Yuri"]
[Black "Lazic, Miroljub"]
[Result "1-0"]
[WhiteElo "2537"]
[BlackElo "2539"]
[PlyCount "63"]
[EventDate "2008.04.23"]

1. e4 e5 2. Nf3 Nc6 3. Bb5 Nge7 4. c3 a6 5. Ba4 d6 6. d4 Bd7 7. Be3 Ng6 8. h4
Be7 9. g3 h6 10. d5 Nb8 11. Bxd7+ Nxd7 12. c4 c5 13. Nc3 Qa5 14. Nd2 Ngf8 15.
a3 Nh7 16. O-O Nhf6 17. b4 Qc7 18. Rb1 cxb4 19. axb4 b5 20. Qe2 bxc4 21. Rfc1
O-O 22. Nxc4 Rac8 23. Na5 Nb8 24. Kg2 Qd7 25. Nc4 Rc7 26. f3 Rb7 27. Nb6 Qe8
28. b5 axb5 29. Nxb5 Rxb6 30. Bxb6 Nh5 31. Nc7 Qd7 32. Qb5 1-0

[Event "XIV Torneo Leonardo di Bona Magistrale"]
[Site "Cutro ITA"]
[Date "2008.05.01"]
[Round "9"]
[White "Stromboli, Ettore"]
[Black "Gladyszev, Oleg"]
[Result "0-1"]
[WhiteElo "2329"]
[BlackElo "2497"]
[PlyCount "98"]
[EventDate "2008.04.23"]

1. e4 c5 2. Nf3 Nc6 3. d4 cxd4 4. Nxd4 Nf6 5. Nc3 e5 6. Ndb5 d6 7. Bg5 a6 8.
Na3 b5 9. Bxf6 gxf6 10. Nd5 f5 11. Bd3 Be6 12. Qh5 Rg8 13. g3 Nd4 14. c3 fxe4
15. Bxe4 Bg4 16. Qh4 Nf3+ 17. Bxf3 Qxh4 18. gxh4 Bxf3 19. Nf6+ Kd8 20. Nxg8
Bxh1 21. Ke2 Be4 22. Nf6 Bf5 23. Rg1 Rc8 24. Rg5 Be6 25. Nxh7 Bh6 26. Rg8+ Ke7
27. Rxc8 Bxc8 28. Ng5 d5 29. Nc2 f6 30. Nf3 Bc1 31. Ne3 Bxb2 32. Nxd5+ Ke6 33.
Ne3 Bxc3 34. h5 Bb7 35. h6 Be4 36. Nh4 Bh7 37. Nhf5 Bb4 38. Ng7+ Kf7 39. Nd5
Bf8 40. Nc7 Kg6 41. Nxa6 Bg8 42. Ne8 Bxh6 43. Nb4 e4 44. Nc7 Bc4+ 45. Ke1 Bf4
46. Ncd5 Bxh2 47. f3 Bg3+ 48. Kd2 exf3 49. Ne3 Bf4 0-1

[Event "XIV Torneo Leonardo di Bona Magistrale"]
[Site "Cutro ITA"]
[Date "2008.05.01"]
[Round "9"]
[White "Van Hoolandt, Patrick"]
[Black "Damia, Angelo"]
[Result "1-0"]
[WhiteElo "2183"]
[BlackElo "2302"]
[PlyCount "103"]
[EventDate "2008.04.23"]

1. d4 d5 2. c4 c6 3. cxd5 cxd5 4. Nf3 Nf6 5. Nc3 e6 6. Bf4 Bd6 7. Bg3 Qb6 8.
Qc2 Bd7 9. e3 Ne4 10. Nxe4 dxe4 11. Bxd6 Qxd6 12. Qxe4 Qb4+ 13. Nd2 Bc6 14. Qc2
O-O 15. Bd3 h6 16. O-O Nd7 17. a3 Qe7 18. Rac1 Rac8 19. Bh7+ Kh8 20. Be4 Nf6
21. Bxc6 Rxc6 22. Qd3 Rfc8 23. Rxc6 Rxc6 24. Nf3 Kg8 25. Ne5 Rc8 26. f3 Qc7 27.
e4 Nh5 28. g3 Rd8 29. Qc3 Qb6 30. Rd1 f6 31. Nc4 Qc7 32. Ne3 Qf7 33. d5 exd5
34. Rxd5 Re8 35. Qd2 f5 36. Rxf5 Nf6 37. Ng4 Qe7 38. Re5 Qf7 39. Nxf6+ gxf6 40.
Rxe8+ Qxe8 41. Qd5+ Kg7 42. Qxb7+ Kg6 43. Qxa7 Qc6 44. Kg2 h5 45. h4 Qc2+ 46.
Qf2 Qd3 47. a4 Qc4 48. a5 Qb5 49. Qd2 Qc4 50. e5 fxe5 51. Qg5+ Kf7 52. Qxh5+
1-0

[Event "XIV Torneo Leonardo di Bona B"]
[Site "Cutro ITA"]
[Date "2008.04.25"]
[Round "1"]
[White "Avola, Salvatore"]
[Black "Ielapi, Gianbattista"]
[Result "0-1"]
[WhiteElo "1949"]
[BlackElo "1602"]
[PlyCount "28"]
[EventDate "2008.04.25"]

1. e4 e5 2. Nf3 Nc6 3. Bc4 Bc5 4. c3 Nf6 5. d3 O-O 6. b4 Bb6 7. b5 Na5 8. Nxe5
d5 9. exd5 Re8 10. f4 Ng4 11. Kf1 Qh4 12. Qf3 Nxe5 13. fxe5 Rxe5 14. g3 Bh3+
0-1

[Event "XIV Torneo Leonardo di Bona B"]
[Site "Cutro ITA"]
[Date "2008.04.25"]
[Round "1"]
[White "Bruno, Elio"]
[Black "Macri', Pasquale"]
[Result "1-0"]
[WhiteElo "1646"]
[BlackElo "1431"]
[PlyCount "35"]
[EventDate "2008.04.25"]

1. e4 e5 2. Nf3 Nc6 3. d4 f6 4. Bb5 a6 5. Ba4 b5 6. Bb3 d6 7. h3 f5 8. exf5 h6
9. O-O Bxf5 10. a3 Be4 11. dxe5 Bxf3 12. Qxf3 Nxe5 13. Re1 Nf6 14. Qc6+ Nfd7
15. f4 Rb8 16. fxe5 Qh4 17. Re4 Rb6 18. exd6+ 1-0

[Event "XIV Torneo Leonardo di Bona B"]
[Site "Cutro ITA"]
[Date "2008.04.25"]
[Round "1"]
[White "Familari, Giuseppe"]
[Black "Sansosti, Simona"]
[Result "1-0"]
[WhiteElo "1801"]
[BlackElo "1452"]
[PlyCount "67"]
[EventDate "2008.04.25"]

1. d4 Nf6 2. Nf3 d5 3. Bg5 Nbd7 4. e3 e6 5. c4 c5 6. Nc3 Qa5 7. Bd3 dxc4 8.
Bxc4 Ne4 9. Qa4 Qxa4 10. Nxa4 Nxg5 11. Nxg5 cxd4 12. exd4 Bb4+ 13. Nc3 O-O 14.
O-O-O Nb6 15. Bd3 a5 16. Bxh7+ Kh8 17. Bd3 a4 18. a3 Ba5 19. Nge4 Nd5 20. Nxa4
Bd7 21. Nac5 Bc6 22. b4 Bb6 23. Kb2 Rad8 24. Bc4 Nf4 25. Ng5 Kg8 26. Nf3 Nxg2
27. Ne5 Bxc5 28. Nxc6 bxc6 29. dxc5 e5 30. Kb3 g6 31. a4 Kg7 32. b5 cxb5 33.
axb5 Rb8 34. Rd7 1-0

[Event "XIV Torneo Leonardo di Bona B"]
[Site "Cutro ITA"]
[Date "2008.04.25"]
[Round "1"]
[White "Longo, Giuseppe"]
[Black "Alo', Lucio"]
[Result "1-0"]
[WhiteElo "1700"]
[BlackElo "1439"]
[PlyCount "140"]
[EventDate "2008.04.25"]

1. d4 d5 2. Nf3 Bg4 3. e3 e6 4. c3 a6 5. Bd3 c5 6. O-O Nc6 7. Nbd2 c4 8. Bc2
Nf6 9. Qe2 Bd6 10. h3 Bh5 11. e4 dxe4 12. Nxe4 O-O 13. Bg5 Be7 14. Ng3 Bxf3 15.
Qxf3 Rc8 16. Bxf6 Bxf6 17. Nh5 Bg5 18. Qg4 f5 19. Qe2 Qd5 20. Ng3 Rce8 21. Rfe1
g6 22. b3 b5 23. bxc4 bxc4 24. Ba4 Re7 25. Rab1 Nd8 26. Qe5 Qxe5 27. Rxe5 Bf4
28. Rc5 Rc7 29. Ne2 Rxc5 30. dxc5 Be5 31. Rb4 f4 32. Rxc4 f3 33. gxf3 Rxf3 34.
Kg2 Rd3 35. c6 Bc7 36. Nd4 e5 37. Nb3 Rd5 38. Nc5 a5 39. Na6 Ne6 40. Nxc7 Nxc7
41. Bb3 Kf8 42. Rh4 Rd6 43. Rxh7 Rxc6 44. c4 a4 45. Bxa4 Rxc4 46. Bb3 Rc5 47.
Rf7+ Ke8 48. Rg7 Nd5 49. Bxd5 Rxd5 50. Rxg6 Ra5 51. h4 Kf7 52. Rg5 Kf6 53. Rg3
Rxa2 54. h5 Ra4 55. Kh3 Ra8 56. Kh4 Rh8 57. Rf3+ Ke6 58. Kg5 e4 59. Rf6+ Ke5
60. h6 Rg8+ 61. Rg6 Rh8 62. Rg7 Ke6 63. Kg6 Rf8 64. h7 Rf6+ 65. Kh5 Rxf2 66.
Rg4 Rf8 67. Kh6 Rf1 68. Kg7 Rf7+ 69. Kg8 Rxh7 70. Kxh7 Kd5 1-0

[Event "XIV Torneo Leonardo di Bona B"]
[Site "Cutro ITA"]
[Date "2008.04.25"]
[Round "1"]
[White "Mercuri, Delia"]
[Black "Luvera', Filippo"]
[Result "0-1"]
[WhiteElo "1454"]
[BlackElo "1838"]
[PlyCount "76"]
[EventDate "2008.04.25"]

1. e4 c5 2. c3 Nf6 3. Nf3 Nxe4 4. d4 cxd4 5. Qxd4 d5 6. Bb5+ Nc6 7. Ne5 Qd6 8.
O-O Bd7 9. Bxc6 Bxc6 10. f3 Nf6 11. Bf4 Qd8 12. Nd2 e6 13. Nb3 Qb6 14. Kh1 Be7
15. Qd2 O-O 16. Be3 Qc7 17. Qf2 Qxe5 18. Rfe1 Qb8 19. Bg5 Ne4 20. fxe4 Bxg5 21.
e5 Qd8 22. Nd4 Bh4 23. g3 Be7 24. Rad1 Bc5 25. Rd3 Qb6 26. g4 Bxd4 27. cxd4 Bb5
28. Rh3 Qd8 29. Qc2 g6 30. Qd2 f5 31. Qh6 Qe7 32. gxf5 Rxf5 33. Rg1 Rf1 34.
Rxf1 Bxf1 35. Rf3 Rf8 36. Rg3 Qf7 37. h4 Qf4 38. Rg1 Qxh6 0-1

[Event "XIV Torneo Leonardo di Bona B"]
[Site "Cutro ITA"]
[Date "2008.04.25"]
[Round "1"]
[White "Mercurio, Rosario"]
[Black "Manfredi, Candido"]
[Result "0-1"]
[WhiteElo "1360"]
[BlackElo "1644"]
[PlyCount "110"]
[EventDate "2008.04.25"]

1. c4 e6 2. e4 c6 3. Nc3 d5 4. d4 dxe4 5. Nxe4 Nd7 6. c5 Ngf6 7. Nc3 Be7 8. Bd3
O-O 9. Nf3 a5 10. a3 b6 11. cxb6 Nxb6 12. Ne5 Bb7 13. O-O Qc7 14. Bf4 Bd6 15.
Re1 c5 16. Nb5 Qd8 17. Nxd6 Qxd6 18. dxc5 Qxc5 19. Ng4 Nbd7 20. Rc1 Qd5 21. Ne3
Qh5 22. Qxh5 Nxh5 23. Bd6 Rfc8 24. Ng4 Nhf6 25. Nxf6+ Nxf6 26. Be5 Nd7 27. Bc3
Nc5 28. Bc4 Na4 29. Bd4 Nc5 30. Bxc5 Rxc5 31. Rc3 Rac8 32. f3 Kf8 33. b4 axb4
34. axb4 Rxc4 35. Rxc4 Rxc4 36. Rb1 Rc6 37. b5 Rb6 38. Kf2 Bd5 39. Ke3 Bc4 40.
Rb4 Bf1 41. g3 Rxb5 42. Rd4 Ke7 43. Kf2 Rb1 44. Re4 Bd3 45. Re3 Rb2+ 46. Kg1
Bc4 47. Rc3 Bd5 48. f4 Rg2+ 49. Kf1 Rxh2 50. g4 h6 51. g5 hxg5 52. fxg5 Rg2 53.
Rc7+ Kd6 54. Rxf7 Rxg5 55. Kf2 Rf5+ 0-1

[Event "XIV Torneo Leonardo di Bona B"]
[Site "Cutro ITA"]
[Date "2008.04.25"]
[Round "1"]
[White "Morelli, Gaetano"]
[Black "Alvaro, Francesco"]
[Result "0-1"]
[WhiteElo "1930"]
[BlackElo "1557"]
[PlyCount "64"]
[EventDate "2008.04.25"]

1. e4 e5 2. Nf3 Nc6 3. Bb5 a6 4. Bxc6 dxc6 5. d4 Bg4 6. Be3 exd4 7. Qxd4 Nf6 8.
Nbd2 Be7 9. Ne5 Qxd4 10. Bxd4 Be6 11. f4 O-O-O 12. Bc3 Nd7 13. Nxd7 Bxd7 14.
O-O-O Bc5 15. Bxg7 Rhg8 16. Bf6 Rde8 17. g3 Bg4 18. Rde1 Bf2 19. Ref1 Be3 20.
e5 Be6 21. Re1 Bd5 22. Rhf1 Bd4 23. Nf3 Bc5 24. b3 Rg6 25. c4 Bxf3 26. Rxf3
Rxf6 27. Rd1 Rfe6 28. Rfd3 f6 29. exf6 Rxf6 30. Rd7 Rfe6 31. Rxh7 Ba3+ 32. Kc2
Re2+ 0-1